Why Motivating People Doesn't Work And What Does (Record no. 342317)

MARC details
000 -LEADER
fixed length control field 00527nam a2200169Ia 4500
008 - FIXED-LENGTH DATA ELEMENTS--GENERAL INFORMATION
fixed length control field 230718s9999 xx 000 0 und d
020 ## - INTERNATIONAL STANDARD BOOK NUMBER
International Standard Book Number 9781626564695
041 ## - LANGUAGE CODE
Language code of text/sound track or separate title eng
082 ## - DEWEY DECIMAL CLASSIFICATION NUMBER
Classification number 302.14
Item number FOW
100 ## - MAIN ENTRY--PERSONAL NAME
Personal name Fowler S.
9 (RLIN) 116991
245 ## - TITLE STATEMENT
Title Why Motivating People Doesn't Work And What Does
Remainder of title The New Science Of Leading Energizing, And Engaging
260 ## - PUBLICATION, DISTRIBUTION, ETC. (IMPRINT)
Date of publication, distribution, etc. 2014
Name of publisher, distributor, etc. Collins Business
300 ## - PHYSICAL DESCRIPTION
Extent 218
365 ## - TRADE PRICE
Currency code Rs.
Price amount 399.00
700 ## - ADDED ENTRY--PERSONAL NAME
Personal name Fowler S.
9 (RLIN) 116991
906 ## - LOCAL DATA ELEMENT F, LDF (RLIN)
d O:0518201-Jul-2016B:174321-Jun-2016
c GENRL
b 87.78
Holdings
Withdrawn status Lost status Damaged status Not for loan Home library Current library Date acquired Vendor Budget Code Cost, normal purchase price Bill number Total Checkouts Full call number Barcode Date last seen Discount Cost, replacement price Bill Date Koha item type Original Barcode
        Cummins College of Engineering for Women Pune Cummins College of Engineering for Women Pune 01/07/2016 Technical Book Services GENRL 311.22 1743   302.14 CCEP-BK-53524 18/07/2023 87.78 399.00 21/06/2016 Books 053524